00404nam a22000857a 4500082001200000100005700012245016700069260006700236300001500303 aRQ.0009 a Somashekharappa, C.A.uKarnatak UniversityvDharwad aReport of the Major Research Project on Technology and Women :bA Sociological study of the impact of Bio-Gas Project on Women in Karnataka/cC.A, Somashekharappa a Karnatak:b Indian Council of Social Science Research,c2002 aviii,186p.